Riadenie a jeho atribúty smerom k učiacej sa organizácii

Informácia o trojročnom projekte Európskeho sociálneho fondu s názvom "Podpora implementácie učiacej sa organizácie v Bratislavskom samosprávnom kraji", ktorý realizuje Katedra sociálneho rozvoja a práce Národohospodárskej fakulty Ekonomickej univerzity v Bratislave.

Salvato in:
Dettagli Bibliografici
Autore principale: Antalová, Mária, 1952-
Natura: Capitolo di libro
Lingua:slovacco
Soggetti:
Tags: Aggiungi Tag
Nessun Tag, puoi essere il primo ad aggiungerne!!

MARC

LEADER 00000naa$a2200000$$$4500
001 0077087
005 20240502071910.0
041 0 |a slo 
044 |a SK 
245 1 0 |a Riadenie a jeho atribúty smerom k učiacej sa organizácii  |c Mária Antalová 
520 |a Informácia o trojročnom projekte Európskeho sociálneho fondu s názvom "Podpora implementácie učiacej sa organizácie v Bratislavskom samosprávnom kraji", ktorý realizuje Katedra sociálneho rozvoja a práce Národohospodárskej fakulty Ekonomickej univerzity v Bratislave. 
610 2 0 |a organizácie vedomostné 
610 2 0 |a riadenie podnikové 
610 2 0 |a kvalita práce 
610 2 0 |a kvalita života 
610 2 0 |a podmienky pracovné 
610 2 0 |a školy vysoké 
610 2 0 |a projekty racionalizačné 
100 1 |a Antalová, Mária, 1952-